| 000 | 01344cam a22003254a 4500 | ||
|---|---|---|---|
| 999 |
_c50564 _d50564 |
||
| 001 | 12553718 | ||
| 005 | 20200220114701.0 | ||
| 008 | 011002s2011 mdua 001 0 eng | ||
| 010 | _a 2001050416 | ||
| 020 | _a0781731941 | ||
| 040 |
_aDLC _cDLC _dDLC |
||
| 042 | _apcc | ||
| 050 | 0 | 0 |
_aQM25 _b.R55 2002 |
| 080 | _a611(084.4) R-72 | ||
| 082 | 0 | 0 |
_a611/.0022/2 _221 |
| 100 | 1 |
_aRohen, Johannes W. _q(Johannes Wilhelm) _97217 |
|
| 245 | 1 | 0 |
_aColor atlas of anatomy : _ba photographic study of the human body / _cJohannes W. Rohen, Chihiro Yokochi, Elke Lütjen-Drecoll. |
| 264 |
_aBaltimore, MD : _bLippincott Williams & Wilkins, _c2002. |
||
| 300 |
_axii, 500 p. : _bcol. ill. ; _c31 cm. |
||
| 500 | _aIncludes index. | ||
| 650 | 0 |
_aHuman anatomy _vAtlases. _97218 |
|
| 653 | _aანატომიის ფერადი ატლასი | ||
| 700 | 1 |
_aYokochi, Chihiro. _97219 |
|
| 700 | 1 |
_aLütjen-Drecoll, Elke. _97220 |
|
| 856 | 4 | 2 |
_3Publisher description _uhttp://www.loc.gov/catdir/enhancements/fy0711/2001050416-d.html |
| 856 | 4 | 1 |
_3Table of contents only _uhttp://www.loc.gov/catdir/enhancements/fy1012/2001050416-t.html |
| 906 |
_a7 _bcbc _corignew _d1 _eocip _f20 _gy-gencatlg |
||
| 942 |
_2udc _cBK |
||
| 955 |
_apc25 2001-10-02 to ASCD; _ijc14 2001-10-03 _aaa05 2001-10-09 _auf02 2002-11-22 ; uf02 2003-01-03 2 copies to CIP |
||